000 00350nam a22001457a 4500
008 210311b ||||| |||| 00| 0 eng d
020 _a0803666985
041 _aeng
080 _22nd
_a615.83
082 _a615.83
100 _a8
101 _aEGZ
245 _aPhysical Rehabilitation Assessment and Treatment
_cOsullivan, S. B
942 _2udc
_cBK
999 _c56365
_d56365